Baptized in the Spirit : (Record no. 32957)
[ view plain ]
| 000 -LEADER | |
|---|---|
| fixed length control field | 01178nam a2200265 4500 |
| 005 - DATE AND TIME OF LATEST TRANSACTION | |
| control field | 20180508094800.0 |
| 008 - FIXED-LENGTH DATA ELEMENTS--GENERAL INFORMATION | |
| fixed length control field | 090320s2006 miu b 001 0 eng |
| 020 ## - INTERNATIONAL STANDARD BOOK NUMBER | |
| International Standard Book Number | 0310252369 |
| 020 ## - INTERNATIONAL STANDARD BOOK NUMBER | |
| International Standard Book Number | 9780310252368 |
| 100 1# - MAIN ENTRY--PERSONAL NAME | |
| Personal name | Macchia, Frank D., |
| Dates associated with a name | 1952- |
| 245 10 - TITLE STATEMENT | |
| Title | Baptized in the Spirit : |
| Remainder of title | a global Pentecostal theology / |
| Statement of responsibility, etc | Frank D. Macchia. |
| 260 ## - PUBLICATION, DISTRIBUTION, ETC. (IMPRINT) | |
| Place of publication, distribution, etc | Grand Rapids, Mich. : |
| Name of publisher, distributor, etc | Zondervan, |
| Date of publication, distribution, etc | c2006. |
| 300 ## - PHYSICAL DESCRIPTION | |
| Extent | 296 p. ; |
| Dimensions | 24 cm. |
| 336 ## - CONTENT TYPE | |
| Content Type Term | text |
| 337 ## - MEDIA TYPE | |
| Media Type Term | unmediated |
| 338 ## - CARRIER TYPE | |
| Carrier Type Term | volume |
| 504 ## - BIBLIOGRAPHY, ETC. NOTE | |
| Bibliography, etc | Includes bibliographical references and indexes. |
| 505 0# - FORMATTED CONTENTS NOTE | |
| Formatted contents note | Introduction : framing the issue -- Spirit baptism and Pentecostal theology : returning to our central distinctive -- The kingdom and the power : expanding the boundaries of Spirit Baptism -- Christ as the king and the Spirit as the kingdom : Spirit Baptism in Trinitarian perspective -- Signs of grace in a graceless world : towards a spirit-baptized ecclesiology -- Baptized in love: the spirit-baptized life. |
| 650 #4 - SUBJECT ADDED ENTRY--TOPICAL TERM | |
| Topical term or geographic name as entry element | Baptism in the Holy Spirit. |
| 650 #4 - SUBJECT ADDED ENTRY--TOPICAL TERM | |
| Topical term or geographic name as entry element | Holy Spirit. |
| 650 #4 - SUBJECT ADDED ENTRY--TOPICAL TERM | |
| Topical term or geographic name as entry element | Pentecostal churches |
| General subdivision | Doctrines. |
| 951 ## - EQUIVALENCE OR CROSS-REFERENCE-GEOGRAPHIC NAME/AREA NAME [OBSOLETE] [CAN/MARC only] | |
| General subdivision | 00037467 |
| 942 ## - ADDED ENTRY ELEMENTS (KOHA) | |
| Source of classification or shelving scheme | Library of Congress Classification |
| Item type | Books |
| Withdrawn status | Lost status | Source of classification or shelving scheme | Damaged status | Not for loan | Home library | Current library | Shelving location | Date acquired | Inventory number | Shelving control number | Total Checkouts | Full call number | Barcode | Date last seen | Price effective from | Koha item type | Source of acquisition | Copy number |
|---|---|---|---|---|---|---|---|---|---|---|---|---|---|---|---|---|---|---|
| Library of Congress Classification | BSOP Library | BSOP Library | GC | 12/21/2000 | 32755 | 127 | BT123 M13 2006 | 00037467 | 02/23/2013 | 02/23/2013 | Books | |||||||
| Library of Congress Classification | BSOP Library | BSOP Library | GC | 05/08/2018 | 41009 | BT123 M13 2006 c.2 | 00052009 | 05/08/2018 | 05/08/2018 | Books | c.2 |
